| 000 | 02342nam0a2200361 4500 | ||
|---|---|---|---|
| 001 | RU\NLR\BIBL_A\011792309 | ||
| 005 | 20180926152846.0 | ||
| 010 |
_a978-5-98615-324-7 _9500 |
||
| 021 |
_aRU _bКН-П-18-059449 _9КН-П-18-4280 |
||
| 035 | _a(NLR Aleph) 011792309 | ||
| 035 | _a(RuMoRGB)009715551 | ||
| 090 |
_a11828904 _c11828904 |
||
| 100 | _a20180914d2018 u y0rusy50 ca | ||
| 101 | 0 | _arus | |
| 102 | _aRU | ||
| 105 | _aac||j|||000zy | ||
| 200 | 1 |
_aДолг врача и гражданина _eучебное пособие _e[для обучающихся медицинским специальностям по курсу "История медицины", "История Отечества", "История фармации"] _fХарламов Е.В., Киселёва О.Ф., Склярова Е.К. _gФедеральное государственное бюджетное образовательное учреждение высшего образования "Ростовский государственный медицинский университет" Министерства здравоохранения Российской Федерации |
|
| 210 |
_aРостов-на-Дону _cМини Тайп _d2018 |
||
| 215 |
_a215 с. _cил., портр. _d21 |
||
| 300 | _aНа с. 5-7 1-й и 3-й авт.: Харламов Е.В., засл. работник здравоохранения РФ, д.м.н., проф., Склярова Е.К., к.ист.н., доц. | ||
| 300 | _aНа обл. авт. не указаны | ||
| 320 | _aБиблиогр.: с. 196-215 (195 назв.) | ||
| 606 | 1 |
_aМедицина _jУчебные издания _xИстория _9939091 _3RU\NLR\AUTH\6628458 |
|
| 606 | 1 |
_aВрачи _jУчебные издания _xБиографии _91362564 _3RU\NLR\AUTH\66255833 |
|
| 686 | 1 | _aР.г(0)я7 | |
| 700 | 1 |
_aХарламов _bЕ. В. _gЕвгений Васильевич |
|
| 701 | 1 |
_7ca _8rus _aКиселева _bО. Ф. _cправославный писатель _gОльга Федоровна _959660 _3RU\NLR\AUTH\7776732 |
|
| 701 | 1 |
_aСклярова _bЕ. К. _gЕлена Константиновна |
|
| 942 | _cBOOK | ||
| 980 | _aNBR | ||
| 980 | _aNB | ||